[Event "Bhopal GM Open 2019"]
[Site "Bhopal"]
[Date "2019.12.27"]
[Round "9.2"]
[White "Czebe, Attila"]
[Black "Bogdanovich, Stanislav"]
[Result "1-0"]
[WhiteElo "2374"]
[BlackElo "2562"]
[Annotator "TA"]
[PlyCount "75"]
[EventDate "2019.12.21"]
[EventType "swiss"]
[EventCountry "IND"]
[SourceTitle "playchess.com"]
[Source "ChessBase"]
[SourceQuality "1"]

{[%evp 9,77,48,68,34,68,66,68,68,68,75,81,62,60,36,43,21,37,35,59,59,59,60,62,37,142,97,97,95,223,222,275,264,245,258,245,240,205,202,241,240,322,314,359,360,354,358,359,359,344,350,361,357,366,356,377,351,643,622,916,874,1375,1228,1493,1283,1025,879,1525,833,711,758]} 1. Nf3 d6 2. d4 g6 3. e4 Bg7 4. Bc4 Nc6 5. O-O Nf6 6. Qe2 {B06: Modern Defence} e5 (6... Bg4 7. c3 e5 8. Rd1 O-O 9. h3 Bxf3 10. Qxf3 Nd7 11. Qe3 Kh8 12. dxe5 Ncxe5 13. Bf1 f5 {1-0 (60) Bacrot,E (2677)-Adhiban,B (2682) Zagreb 2018}) 7. dxe5 Nxe5 8. Nxe5 {White is slightly better.} dxe5 9. Rd1 Bd7 10. Bg5 $146 ({Predecessor:} 10. Nc3 c6 11. a4 O-O 12. b3 Qa5 13. Bd2 Qc7 14. Bg5 Rad8 15. h3 Bc8 16. Qf3 Qe7 17. Qg3 b6 18. Qe3 Rxd1+ 19. Rxd1 Rd8 20. Rxd8+ Qxd8 {½-½ (20) Brandenberg,K-Schlette,M Germany 1991}) 10... h6 11. Bxf6 (11. Bh4 {feels hotter.} g5 12. Bg3 Qe7 13. Nc3 O-O 14. Rd2) 11... Qxf6 12. Nc3 c6 13. Rd3 Qe7 14. Rad1 O-O-O 15. Qe3 b6 16. b4 {[%cal Bb2b4,Bb4b5,Bb5c6][%mdl 32]} h5 ({Better is} 16... Bg4 $14 17. R1d2 Rxd3 18. Qxd3 b5) 17. b5 $36 {[%mdl 2048] Black is under strong pressure.} Bh6 18. Qf3 f6 (18... Bg4 $16 19. Rxd8+ (19. Qxf7 Qxf7 20. Rxd8+ Rxd8 $16) 19... Rxd8 20. Rxd8+ Kxd8 21. Qxf7 Qxf7 22. Bxf7 Bd2) 19. bxc6 $18 Bg4 20. Ba6+ Kb8 21. Rxd8+ Rxd8 22. Rxd8+ Qxd8 {[#]} 23. Qd3 $1 {[%cal Rd3d8]} Qxd3 24. cxd3 {[%mdl 4096] Endgame Nb5 is the strong threat. KBB-KBN} Kc7 {[#]} 25. Bb7 $1 Kb8 26. Nb5 Bc8 27. Bxc8 Kxc8 28. Nxa7+ {KB-KN} Kc7 29. Kf1 Bf8 30. Ke2 Bc5 31. f3 f5 32. Kd1 f4 $2 (32... b5) 33. Kc2 {White is clearly winning.} Bg1 34. h3 Bc5 35. Kb3 Bf2 36. Kc4 Kd6 37. a4 g5 {[#]} 38. d4 {Played: c6-c7} 1-0

[Event "Bhopal GM Open 2019"]
[Site "Bhopal"]
[Date "2019.12.27"]
[Round "9.3"]
[White "Venkatesh, M.R."]
[Black "Lugovskoy, Maxim"]
[Result "1-0"]
[WhiteElo "2491"]
[BlackElo "2466"]
[Annotator "TA"]
[PlyCount "73"]
[EventDate "2019.12.21"]
[EventType "swiss"]
[EventCountry "IND"]
[SourceTitle "playchess.com"]
[Source "ChessBase"]
[SourceQuality "1"]

{[%evp 13,73,39,46,42,37,46,98,98,98,97,102,101,99,99,99,99,104,103,99,99,121,120,124,122,122,125,126,120,105,109,116,95,86,64,58,75,57,63,143,138,139,146,163,158,216,216,191,199,315,295,301,303,383,367,395,304,437,320,319,314,530,398]} 1. e4 e6 2. d4 d5 3. Nd2 {[%cal Bb1d2,Bd2f1,Bf1e3][%mdl 32]} Nc6 4. Ngf3 Nf6 5. e5 Nd7 6. Bd3 f6 7. exf6 Qxf6 8. Nf1 {C04: French Tarrasch: 3...Nc6} e5 {...e4 is the strong threat.} (8... Nxd4 $2 9. Nxd4 Bc5 10. Be3 $16 (10. Nf3 e5 $16)) 9. Ne3 $1 {[%cal Re3d5]} exd4 (9... Nxd4 $14 10. Nxd4 (10. Nxd5 Nxf3+ 11. Kf1 Qd6 $11) 10... exd4 11. Nxd5 {[%mdl 64] Double Attack} Qe5+ 12. Qe2 Qxe2+ 13. Bxe2 Bd6) 10. Nxd5 $16 {[%mdl 64] [#] Double Attack. White is better.} Qe6+ 11. Qe2 Qxe2+ 12. Bxe2 Bd6 13. Bf4 Bxf4 14. Nxf4 Nb6 {[#]} 15. O-O-O $1 O-O 16. g3 $146 Bd7 17. h4 ({Don't play} 17. Nxd4 $6 g5 $11) 17... Rae8 18. Rhe1 Nb4 19. a3 {[%cal Ba2a3,Ba3b4][%mdl 32]} ({Resist} 19. Nxd4 $6 Nxa2+ 20. Kb1 Nb4 $14) 19... d3 20. axb4 dxe2 21. Rd4 h6 22. h5 Rf5 23. Ng1 c5 24. bxc5 Rxc5 25. Rxe2 {Black must now prevent Rxd7!} Rxe2 (25... Rec8 $1 $14) 26. Ngxe2 Bg4 27. Rd8+ Kh7 28. Nd4 Re5 (28... Rc8 $16 29. Rxc8 Nxc8) 29. b3 $18 Bxh5 30. Rb8 Nd5 (30... Bg4 {was called for.} 31. Rxb7 Nd5) 31. Nxh5 ({Weaker is} 31. Rxb7 Nxf4 32. gxf4 Re4 $14) 31... Rxh5 32. Rxb7 {KRN-KRN} Rh2 33. f3 h5 34. Rxa7 Ne3 (34... Rg2 $142 35. c4 Nb4) 35. Kb2 Nd1+ 36. Ka3 Nf2 $2 (36... Rd2 37. Ne6 Rxc2 38. Rxg7+ Kh6) 37. Rf7 {Accuracy: White = 89%, Black = 50%.} 1-0

[Event "Bhopal GM Open 2019"]
[Site "Bhopal"]
[Date "2019.12.27"]
[Round "9.4"]
[White "Nigmatov, Ortik"]
[Black "Nguyen, Van Huy"]
[Result "0-1"]
[WhiteElo "2474"]
[BlackElo "2457"]
[Annotator "TA"]
[PlyCount "84"]
[EventDate "2019.12.21"]
[EventType "swiss"]
[EventCountry "IND"]
[SourceTitle "playchess.com"]
[Source "ChessBase"]
[SourceQuality "1"]

{[%evp 9,84,-4,-4,-9,19,20,35,12,27,0,0,0,0,-5,-7,-56,-53,-59,-57,-58,-64,-68,-65,-77,-43,-43,-43,-43,-45,-38,-36,-71,-52,-64,-43,-42,-32,-40,-29,-66,-81,-85,0,-3,-3,-3,-3,-29,-33,-9,0,-68,-53,-99,-30,-100,-89,-316,-286,-440,-403,-12838,-426,-29983,-29983,-29983,-29984,-29984,-29985,-29990,-12837,-12835,-12834,-6306,-5728,-1727,-1515]} 1. e4 c6 2. d4 d5 3. e5 Bf5 4. h4 Qb6 5. h5 (5. a4 h5 6. a5 Qc7 7. Bd3 Bxd3 8. Qxd3 e6 9. Nf3 Ne7 10. b4 Nf5 11. c3 Nd7 12. Bf4 Rc8 {½-½ (54) Inarkiev,E (2679)-Braun,A (2581) Biograd 2018}) 5... f6 $146 ({Predecessor:} 5... h6 6. g4 Bd7 7. Nc3 e6 8. Na4 Qc7 9. f4 Na6 10. Nf3 c5 11. Bxa6 Bxa4 12. Be2 cxd4 13. Nxd4 {1-0 (39) Brkic,A (2573)-Ruck,R (2531) Hungary 2017}) 6. Bd3 {B12: Caro-Kann: Advance Variation} Bxd3 7. Qxd3 e6 8. Nf3 {White is slightly better.} Nd7 9. Nc3 fxe5 10. Nxe5 Nxe5 11. dxe5 O-O-O 12. f4 Nh6 13. Bd2 Qxb2 14. Rb1 Qa3 15. Rb3 Qc5 16. Ne2 Qc4 (16... d4 {keeps more tension.} 17. Kf2 Rd7 18. Rhb1 Qd5 19. Qf3 b6) 17. Nd4 Qxd3 18. cxd3 Re8 19. Ke2 Bc5 20. Nc2 Nf5 {Hoping for ...Ng3+.} 21. Rhb1 b6 22. g4 Nd4+ 23. Nxd4 Bxd4 24. Be3 Bxe3 25. Kxe3 $15 {[%mdl 4096] Endgame KRR-KRR} c5 ({Black should play} 25... Re7 $17) 26. d4 {Threatens to win with dxc5.} c4 27. Ra3 Kb7 28. f5 Rhf8 29. Rf1 b5 30. f6 (30. Kd2 $11) 30... h6 31. Kd2 Rf7 (31... gxf6 $17 32. exf6 Rf7) 32. Rg3 $11 Ref8 {[%cal Rg7f6]} 33. g5 $2 (33. Rgf3 $17 Rg8 34. Rg1) 33... hxg5 $19 34. fxg7 (34. Rgf3 $142 Rh8 35. Rh1) 34... Rxf1 35. h6 (35. gxf8=Q $142 Rxf8 36. Rxg5) 35... b4 (35... R8f2+ $142 36. Ke3 Rxa2) 36. h7 (36. Rg2 $19 R1f7 37. gxf8=N Rxf8 38. Rxg5) 36... c3+ 37. Kd3 {[#]} R8f2 $1 ({Avoid the trap} 37... Rd1+ $2 38. Kc2 $18) 38. g8=Q c2 39. Qxg5 c1=N+ (39... Rd1+ $142 40. Ke3 c1=Q+ {[%mdl 64] Discovered Attack} 41. Kxf2 {[#]} Qc2+ $1 {[%mdl 576] Double Attack} 42. Kf3 Rf1+ 43. Kg4 Qe4+ {[%mdl 64] Double Attack} 44. Kh5 Rh1+ 45. Qh4 Rxh4+ 46. Kg5 Rxh7 47. Rf3 Qxf3 48. Kg6 Qf5#) 40. Qxc1 {Black is clearly winning.} Rxc1 {[%csl Gb4][%cal Rc1c3]} 41. Rg7+ Kb6 {[%csl Gb4][%cal Rc1c3]} 42. Ke3 Rh2 {Accuracy: White = 47%, Black = 60%.} 0-1

[Event "Bhopal GM Open 2019"]
[Site "Bhopal"]
[Date "2019.12.27"]
[Round "9.5"]
[White "Taher, Yoseph Theolifus"]
[Black "Manik, Mikulas"]
[Result "1/2-1/2"]
[WhiteElo "2469"]
[BlackElo "2379"]
[Annotator "TA"]
[PlyCount "41"]
[EventDate "2019.12.21"]
[EventType "swiss"]
[EventCountry "IND"]
[SourceTitle "playchess.com"]
[Source "ChessBase"]
[SourceQuality "1"]

{[%evp 9,41,6,14,14,11,16,21,2,11,8,24,0,0,0,0,0,0,-4,-22,-28,0,-7,0,0,0,0,0,0,0,-1,-4,-17,-11,-16]} 1. e4 c5 2. Nf3 d6 3. d4 cxd4 4. Qxd4 Nf6 5. Be2 Nc6 6. Qe3 {B53: Sicilian: 2...d6: Lines with Qxd4} g6 7. O-O Bg7 8. h3 O-O 9. Rd1 (9. c4 b6 10. Rd1 Nd7 11. Nc3 Bb7 12. b3 Nb4 {0-1 (37) Anand,V (2764)-Vachier Lagrave,M (2775) Paris 2019}) 9... Qa5 10. Bd2 $146 ({Predecessor:} 10. c4 Qc5 11. Nc3 Be6 12. Ng5 Bd7 {1-0 (70) Khodashenas,M (2455)-Li,B (2325) Ahvaz 2019}) 10... Qc5 11. Nc3 b6 12. Qxc5 bxc5 13. Be3 Rb8 14. Bb5 Nb4 15. e5 {The position is equal.} Nfd5 16. Nxd5 Nxd5 17. Rxd5 Rxb5 18. exd6 exd6 19. Rxd6 Rxb2 20. Rc1 Rxa2 21. Bxc5 {Accuracy: White = 61%, Black = 61%.} 1/2-1/2

[Event "Bhopal GM Open 2019"]
[Site "Bhopal"]
[Date "2019.12.27"]
[Round "9.6"]
[White "Anadkat Kartavya"]
[Black "Mirzoev, Azer"]
[Result "0-1"]
[WhiteElo "2023"]
[BlackElo "2457"]
[Annotator "TA"]
[PlyCount "124"]
[EventDate "2019.12.21"]
[EventType "swiss"]
[EventCountry "IND"]
[SourceTitle "playchess.com"]
[Source "ChessBase"]
[SourceQuality "1"]

{[%evp 9,124,10,5,14,22,14,31,27,29,25,56,26,29,0,0,-29,-29,-35,-46,-66,-13,-19,0,0,0,0,74,69,62,63,91,4,1,0,9,0,0,0,0,0,0,0,0,0,0,0,8,-10,-10,-8,-15,-18,-15,-54,0,0,0,0,0,0,30,0,0,0,0,0,0,0,0,0,0,-8,-8,-8,-8,-8,-8,-8,0,0,0,-14,0,-7,-8,-14,-14,-14,-14,-15,-15,-15,-15,-15,-15,-15,-15,-15,-15,-15,-16,-31,0,0,0,-1047,-935,-29978,-29977,-29986,-29987,-29987,-29988,-29989,-29984,-29983,-29984]} 1. e4 c6 2. d4 d5 3. e5 Bf5 4. h4 Qb6 5. g4 (5. a4 h5 6. a5 Qc7 7. Bd3 Bxd3 8. Qxd3 e6 9. Nf3 Ne7 10. b4 Nf5 11. c3 Nd7 12. Bf4 Rc8 {½-½ (54) Inarkiev,E (2679)-Braun,A (2581) Biograd 2018}) 5... Bd7 6. Nc3 {B12: Caro-Kann: Advance Variation} e6 7. Na4 Qc7 8. Nf3 {White is slightly better.} h5 $146 ({Predecessor:} 8... c5 9. Nxc5 Bxc5 10. dxc5 Qxc5 11. c3 Ne7 12. h5 h6 {0-1 (74) Reshef,O (2442)-Stupak,K (2570) Paleochora 2017}) 9. gxh5 Rxh5 10. Bd3 Rh8 11. Ng5 Nh6 $1 12. Nh7 c5 $1 13. c3 $1 cxd4 14. cxd4 Bb4+ (14... Be7 $15 15. Ng5 Nc6) 15. Kf1 $1 $11 Qa5 16. Nc3 $36 {[%mdl 2048] White is pushing.} Bxc3 17. bxc3 Qxc3 (17... Ba4 $11 18. Qe2 Qxc3) 18. Bxh6 $16 gxh6 19. Rc1 $1 Qa3 20. Rc7 ({Better is} 20. Rh3 $16 Kd8 21. Rg3) 20... Kd8 $11 21. Rxb7 {[#] Hoping for Qc2.} Rxh7 $1 22. Qb1 Rg7 23. Rb3 Qa5 {White must now prevent ...Nc6.} 24. Rxb8+ Rxb8 25. Qxb8+ Ke7 $1 26. Qd6+ Ke8 27. Ke2 {Rb1 is the strong threat.} Qb6 28. Rb1 Qxd6 29. exd6 {[%mdl 4096] Endgame Intending Rb8+ and mate. KRB-KRB} Bc6 30. Rb8+ Kd7 31. Rh8 Kxd6 (31... Rg4 $15) 32. Rxh6 Rg1 33. h5 Rh1 34. Rh8 f5 35. h6 Ke7 $1 36. Rh7+ Kf6 37. Rc7 Be8 38. h7 Bf7 39. Rxa7 Rxh7 {Threatens to win with ...Bh5+.} 40. Ra8 Rh4 41. Ke3 f4+ 42. Kd2 Rh2 43. Ke1 Rh1+ 44. Kd2 Rh2 45. Ke1 e5 46. dxe5+ Kxe5 47. Ra4 Bh5 48. Be2 Bg6 49. Bf3 Bd3 50. Be2 Be4 51. f3 Bf5 52. Ra8 Bg6 53. Rg8 Bc2 54. Re8+ Kd4 55. Ra8 Ke5 56. Re8+ Kd4 57. Rf8 $2 {[%mdl 8192]} (57. Ra8 $11) 57... Ke3 $19 {Strongly threatening ...Ba4.} 58. Re8+ Be4 $1 {Black mates.} 59. fxe4 Rxe2+ {[%mdl 64] [#] Double Attack} 60. Kf1 d4 61. e5 Rxa2 62. e6 f3 {Accuracy: White = 53%, Black = 65%.} 0-1

[Event "Bhopal GM Open 2019"]
[Site "Bhopal"]
[Date "2019.12.27"]
[Round "9.7"]
[White "Tukhaev, Adam"]
[Black "Deshmukh, Anup"]
[Result "1-0"]
[WhiteElo "2552"]
[BlackElo "2168"]
[Annotator "TA"]
[PlyCount "54"]
[EventDate "2019.12.21"]
[EventType "swiss"]
[EventCountry "IND"]
[SourceTitle "playchess.com"]
[Source "ChessBase"]
[SourceQuality "1"]

{[%evp 15,54,17,49,45,51,36,56,39,60,32,75,75,75,67,69,69,70,73,73,68,74,66,89,70,62,48,82,82,95,84,154,111,205,202,187,103,200,208,217,214,1510]} 1. e4 c5 2. Nf3 d6 3. d4 cxd4 4. Nxd4 Nf6 5. Nc3 a6 6. h3 g6 7. Be3 Bg7 8. Qd2 Nc6 9. O-O-O {B72: Sicilian Dragon: 6 Be3, lines with h3+Bc4 and sidelines} O-O 10. g4 Bd7 11. Kb1 {White is slightly better.} b5 {[%cal Bb7b5,Bb5b4][%mdl 32]} 12. g5 (12. f3 {looks sharper.} Qc7 13. h4 b4 14. Nce2 d5 15. h5) 12... b4 $146 ({Predecessor:} 12... Nh5 13. Nxc6 Bxc6 14. Bg2 Rc8 15. Nd5 Bxd5 16. exd5 {0-1 (53) Spraggett,K (2577)-Alsina Leal,D (2511) Catalunya 2013}) 13. gxf6 bxc3 {[#]} 14. Nxc6 $1 cxd2 15. Nxd8 Bxf6 16. Nxf7 $1 Kxf7 17. Rxd2 Rab8 18. b3 Be6 19. Bg2 a5 20. f4 a4 {[%cal Ra4b3]} 21. Bd4 axb3 22. cxb3 Bxb3 ({Black should play} 22... Ke8) 23. axb3 {e5 is the strong threat.} Rxb3+ {[#]} (23... Bxd4 $16 24. Rxd4 Rxb3+ 25. Ka2 Rg3) 24. Kc2 $1 $18 {[%cal Rc2b3]} Rg3 {Threatens to win with ...Bxd4.} 25. Bf1 (25. e5 $18 Rc8+ 26. Kb1 dxe5 27. fxe5) 25... Rf3 (25... Bxd4 $16 26. Rxd4 Kg7) 26. e5 dxe5 27. fxe5 Rxf1 $2 {Accuracy: White = 62%, Black = 36%.} (27... Rc8+ 28. Kb1 Bg5) 1-0

[Event "Bhopal GM Open 2019"]
[Site "Bhopal"]
[Date "2019.12.27"]
[Round "9.8"]
[White "Eraschenkov, Denis"]
[Black "Rathneesh R"]
[Result "1/2-1/2"]
[WhiteElo "2386"]
[BlackElo "2006"]
[Annotator "TA"]
[PlyCount "74"]
[EventDate "2019.12.21"]
[EventType "swiss"]
[EventCountry "IND"]
[SourceTitle "playchess.com"]
[Source "ChessBase"]
[SourceQuality "1"]

{[%evp 9,74,6,8,5,10,0,58,-3,0,0,0,0,15,0,6,9,23,14,8,0,7,-5,50,0,0,0,0,0,0,0,0,-7,-7,-7,11,12,16,9,26,21,20,18,25,12,33,12,12,4,9,9,17,11,7,0,0,0,50,46,49,59,51,51,51,47,76,43,56]} 1. c4 Nf6 2. Nc3 e6 3. Nf3 d5 4. e3 b6 5. b3 Bb7 6. Bb2 {A17: English Opening: 1...Nf6 with ...Bb4} a6 7. g3 c5 $146 ({Better is} 7... dxc4 $11 8. bxc4 Nbd7) ({Predecessor:} 7... Nbd7 8. cxd5 exd5 9. Bg2 g6 10. d4 Bg7 11. O-O O-O 12. Rc1 Qe7 13. Qc2 Rfd8 {1-0 (70) Iturrizaga Bonelli,E (2639)-Vokhidov,S (2494) Dubai 2019}) 8. Bg2 ({White should try} 8. cxd5 $14 exd5 9. Bg2) 8... dxc4 9. bxc4 Be7 10. O-O O-O 11. Qe2 Qc7 12. d4 cxd4 13. exd4 Rc8 14. d5 Qxc4 15. dxe6 fxe6 ({Black should play} 15... Qxe6 $11 16. Qxe6 fxe6) 16. Qxc4 Rxc4 17. Ne5 Bxg2 18. Nxc4 Bxf1 19. Nxb6 Ra7 {[#] aiming for ...Rb7.} 20. Nc8 Rb7 {Strongly threatening ...Bf8.} 21. Nxe7+ Rxe7 22. Kxf1 Rb7 23. Nd1 Nc6 24. Rc1 Nb4 25. Rc8+ Kf7 26. a3 Nd3 27. Bxf6 (27. Bc3 {is more complex.} Ne4 28. Ke2 Rd7 29. Rc6 g5 30. f3) 27... gxf6 $14 {[%mdl 4096] Endgame KRN-KRN} 28. Ke2 Ne5 29. f4 Nd7 30. Rc6 Nb8 31. Rc3 Nd7 32. Kf3 Nb6 33. Rb3 Rb8 34. Ne3 Nd7 35. Rxb8 Nxb8 36. Ke4 Nc6 37. g4 Kg6 {Accuracy: White = 51%, Black = 53%.} 1/2-1/2

[Event "Bhopal GM Open 2019"]
[Site "Bhopal"]
[Date "2019.12.27"]
[Round "9.9"]
[White "Shaik Sumer Arsh"]
[Black "Sahoo, Utkal Ranjan"]
[Result "0-1"]
[WhiteElo "1826"]
[BlackElo "2329"]
[Annotator "TA"]
[PlyCount "74"]
[EventDate "2019.12.21"]
[EventType "swiss"]
[EventCountry "IND"]
[SourceTitle "playchess.com"]
[Source "ChessBase"]
[SourceQuality "1"]

{[%evp 9,74,0,24,11,29,36,41,45,57,-12,-15,-7,-10,-145,-113,-179,-171,-387,-294,-296,-255,-223,-194,-197,-189,-238,-234,-238,-235,-237,-81,-63,-41,-57,-66,-54,-30,-32,-38,-149,-52,-273,-262,-280,-262,-281,-241,-243,-270,-434,-186,-184,-174,-862,-531,-527,-502,-29980,-29982,-29982,-29983,-29994,-29995,-29995,-29996,-29997,-29998]} 1. d4 d5 2. Bf4 Nf6 3. e3 c5 4. c3 Nc6 5. Nd2 Qb6 6. Qb3 {D00: 1 d4 d5: Unusual lines} c4 (6... Nh5 7. Qxb6 axb6 8. Bc7 cxd4 9. exd4 e5 10. Bxe5 Nxe5 11. dxe5 Bc5 12. g3 O-O {1-0 (76) Aronian,L (2765)-Caruana,F (2832) London 2018}) 7. Qc2 g6 8. e4 {White is slightly better.} e5 9. Bg5 (9. dxe5 $14 Nxe4 10. Nxe4 dxe4 11. Bxc4) 9... Nxe4 $11 10. Nxe4 dxe4 11. dxe5 $146 (11. Bxc4 $11 Bf5 12. g4 Bxg4 13. d5) ({Predecessor:} 11. d5 Na5 12. Be3 Bc5 13. Bxc5 Qxc5 14. Qxe4 {½-½ (42) Vanden Bussche,S (1901)-Boucquet,E (2186) Blankenberge 2017}) 11... Bf5 $36 {[%mdl 2048] Black is really pushing.} 12. g4 (12. Bxc4 $17 {was called for.} e3 13. Qe2 exf2+ 14. Qxf2) 12... Bxg4 $19 13. Qxe4 $2 (13. Be3 {is a better defense.} Qb5 14. Be2) 13... Qxb2 {[%mdl 64] Double Attack} 14. Rc1 Bc5 {[%csl Gb2][%cal Rc5f2]} 15. Be2 Bf5 16. Qxc4 Qb6 17. Qf4 {[#]} O-O $1 18. Bf6 {[#] Qh6 would kill now.} Rfe8 $1 19. h4 {intending h5.} Nd8 $2 (19... Re6 $19 {is more deadly.} 20. Kf1 Qc7) 20. h5 $17 Ne6 21. Qg3 Be7 {White must now prevent ...Qb2.} 22. hxg6 Bxg6 {And now ...Bxf6 would win.} 23. Bxe7 Rxe7 24. f4 (24. Rxh7 $15 Qb2 25. Rd1 Kxh7 26. Qh4+ Kg8 27. Qxe7) 24... Ng7 (24... Rd7 $17 {Threatens to win with ...Qb2.} 25. Kf1 (25. f5 $2 Qb2 $19 {[%mdl 64] Double Attack}) 25... Kh8) 25. Bd3 $2 ({White should try} 25. Bg4 $1 $15) 25... Rd8 $19 26. Bxg6 fxg6 (26... hxg6 27. Qh4 $17 (27. Qh3 Nh5 $17)) 27. Ne2 Nf5 28. Qf3 Red7 {Hoping for ...Rd3.} 29. Qe4 $2 (29. Rh3 {only move.}) 29... Rd2 (29... Rd3 $142 30. Rh5 Ne3) 30. Rb1 Qa6 ({Not} 30... Rb2 31. Rxb2 Qxb2 32. Qc4+ Kf8 33. Qc5+ (33. Rxh7 $2 Rd1+ 34. Kf2 Rf1+ {[%mdl 64] Deflection, Decoy} 35. Kxf1 Ne3+ {[%mdl 64] Double Attack} 36. Kf2 Nxc4 $19) 33... Kg8 34. Qc4+ (34. Qc7 Qd2+ 35. Kf2 Rd7 $15) 34... Kf8 35. Qc5+ (35. Rxh7 $2 Rd1+ 36. Kf2 Rf1+ {[%mdl 64] Deflection, Decoy} 37. Kxf1 Ne3+ {[%mdl 64] Double Attack} 38. Kf2 Nxc4 $19) 35... Kg8 36. Qc4+ $11 (36. Qc7 Qd2+ 37. Kf2 Rd7 $15)) 31. c4 $2 (31. a3) 31... Qxa2 32. Nc3 {[#]} Ng3 $1 {[%mdl 512] ( -> ...Qa5)} 33. Qf3 (33. Nxa2 $19 Nxe4 34. Nb4) 33... Qxc4 {Black mates.} ({Stronger than} 33... R2d3 34. Qxd3 (34. Nxa2 $2 {loses.} Rxf3 35. Rg1 Rd4 $19) 34... Rxd3 35. Nxa2 $16) 34. Qxg3 {[#]} R2d3 $1 {[%mdl 576] Double Attack} 35. Qh4 Qxc3+ 36. Kf1 Rf3+ 37. Kg1 Qe3+ {[%mdl 64] Double Attack. Accuracy: White = 33%, Black = 46%.} 0-1

[Event "Bhopal GM Open 2019"]
[Site "Bhopal"]
[Date "2019.12.27"]
[Round "9.10"]
[White "Sharan, Rao"]
[Black "Pranav Vijay"]
[Result "1-0"]
[WhiteElo "1912"]
[BlackElo "2265"]
[Annotator "TA"]
[PlyCount "57"]
[EventDate "2019.12.21"]
[EventType "swiss"]
[EventCountry "IND"]
[SourceTitle "playchess.com"]
[Source "ChessBase"]
[SourceQuality "1"]

{[%evp 13,114,22,35,18,25,33,39,25,31,39,20,17,14,0,0,0,0,-3,0,-9,-10,-5,0,-4,0,6,21,26,46,0,0,0,68,66,75,76,96,96,118,70,77,62,146,128,440,265,437,410,422,446,446,448,422,445,446,443,455,444,450,450,444,414,427,392,453,452,516,502,514,517,503,502,550,500,898,520,902,870,1114,1008,858,783,2765,2533,2517,2651,29980,29981,29981,29982,29982,29983,29981,29981,29988,29989,29989,29988,29995,29996,29997,29995,29999]} 1. Nf3 Nf6 2. b3 d5 3. Bb2 g6 4. e3 Bg7 5. c4 c6 6. Be2 O-O 7. O-O Nbd7 8. d3 {A12: English Opening: 1...c6 with b3 by White} a6 $146 ({Predecessor:} 8... Re8 9. cxd5 cxd5 10. Nc3 e5 11. Rc1 a6 12. b4 b6 13. d4 e4 14. Nd2 h5 15. Qb3 Nf8 {0-1 (55) Nevednichy,V (2590)-Iordachescu,V (2614) Kozloduy 2013}) 9. Nbd2 Re8 10. cxd5 {White is slightly better.} Nxd5 11. Bxg7 Kxg7 12. Qc2 e5 13. d4 exd4 14. Nxd4 N7f6 15. Rfd1 Qe7 {Hoping for ...Nxe3!} 16. Nf1 c5 17. Nf3 Bf5 18. Qb2 {Threatens to win with Rxd5.} Rad8 19. Ng3 Be6 20. Ng5 Bc8 21. e4 Nf4 22. Bc4 Ne6 ({Black should play} 22... Bg4 $11 23. Rxd8 Rxd8) 23. Bxe6 $14 Bxe6 24. e5 $36 {[%mdl 2048] Keeping Black busy.} Nd5 25. N5e4 Rf8 26. Nd6 {aiming for Rxd5!} f5 27. exf6+ Nxf6 {[#]} (27... Qxf6 $14 28. Qxf6+ Nxf6) 28. Qe5 $1 $16 Kg8 $2 {[%mdl 8192] [#]} (28... Rd7 $16 {is more resistant.}) 29. Ndf5 {Played: Ng3-f5} 1-0

[Event "Bhopal GM Open 2019"]
[Site "Bhopal"]
[Date "2019.12.27"]
[Round "9.11"]
[White "Raahul V S"]
[Black "Shiva Pavan Teja Sharma U"]
[Result "1-0"]
[WhiteElo "2252"]
[BlackElo "2072"]
[Annotator "TA"]
[PlyCount "66"]
[EventDate "2019.12.21"]
[EventType "swiss"]
[EventCountry "IND"]
[SourceTitle "playchess.com"]
[Source "ChessBase"]
[SourceQuality "1"]

{[%evp 19,66,15,25,-46,198,52,601,600,572,544,663,668,650,593,675,687,777,733,889,639,814,800,866,717,885,598,744,683,676,517,817,815,831,854,822,825,826,812,960,877,1390,1129,29989,29990,29991,29991,29992,29993,29998]} 1. c4 c5 2. Nf3 Nc6 3. Nc3 g6 4. e3 Nf6 5. d4 cxd4 6. exd4 d5 7. cxd5 Nxd5 8. Qb3 Nxc3 9. Bc4 e6 10. bxc3 Bg7 11. Bb2 $146 {A35: Symmetrical English: 2 Nc3 Nc6 3 Nf3} (11. Ba3 $11 Na5 12. Bb5+ Bd7 13. Qb2) ({Predecessor:} 11. Ba3 Bd7 12. Bd3 Na5 13. Qc2 Bf8 14. Bxf8 Kxf8 15. O-O Rc8 16. Rac1 Kg7 17. Rfe1 Qf6 18. Ne5 Rhd8 {0-1 (55) Svane,R (2615)-Lupulescu,C (2649) Riga 2019}) 11... Bf8 $2 {[#]} (11... O-O $15 {stays ahead.}) 12. h4 ({Only move:} 12. d5 $1 $18) 12... Ba3 $2 {[%mdl 8192]} (12... Bg7 $14) 13. Qxa3 $18 {White is clearly winning.} Qe7 14. Qxe7+ Kxe7 15. h5 Bd7 16. Bd3 Rac8 17. Kd2 f5 18. Rag1 Rcf8 19. Ke3 Be8 20. hxg6 hxg6 21. Kf4 Nd8 22. Bc4 Kf6 23. Ng5 Rfg8 24. Re1 Bc6 (24... Rh5 $142 25. Nf3 Rxh1 26. Rxh1 Nf7) 25. f3 Bd7 26. Rh7 Rxh7 27. Nxh7+ Kg7 28. Ng5 Kf6 29. Rh1 Re8 30. g4 Bc6 31. Rh7 {White mates.} e5+ 32. dxe5+ Rxe5 33. Rc7 {[%cal Rg5h7]} Re4+ {Accuracy: White = 50%, Black = 17%.} 1-0